00000000cam 2200000zi 4500
0019.958095
003CaOODSP
00520251209142729
006m     o  d f      
007cr cn|||||||||
008251209t20252025oncad   ob   f000 0 eng d
040 |aCaOODSP|beng|erda|cCaOODSP
0410 |aeng|beng|bfre
043 |an-cn---
045 |ay2y2
0861 |aFB3-6/2025-16E-PDF
1001 |aAudet, Nicolas, |eauthor.
24510|aModelling the sovereign debt strategy : |ba practical primer / |cNicolas Audet, Jeffrey Gao, Adam Epp, Joe Ning.
264 1|a[Ottawa] : |bBank of Canada = Banque du Canada, |c2025.
264 4|c©2025
300 |a1 online resource (ii, 29 pages) : |bfigure, graphs.
336 |atext|btxt|2rdacontent
337 |acomputer|bc|2rdamedia
338 |aonline resource|bcr|2rdacarrier
4901 |aStaff discussion paper = |aDocument d'analyse du personnel, |y1914-0568 ; |v2025-16
500 |aISSN assigned to different series.
500 |a"Last updated: December 2, 2025."
504 |aIncludes bibliographical references (page 29).
546 |aIncludes abstracts in English and French.
650 0|aDebts, Public|zCanada|xEconometric models.
650 0|aDebts, Public|zCanada|xManagement.
650 6|aDettes publiques|zCanada|xModèles économétriques.
650 6|aDettes publiques|zCanada|xGestion.
7102 |aBank of Canada, |eissuing body.
830#0|aStaff discussion paper (Bank of Canada)|v2025-16.|w(CaOODSP)9.806273
85640|qPDF|s877 KB|uhttps://publications.gc.ca/collections/collection_2025/banque-bank-canada/FB3-6-2025-16-eng.pdf